| 000 | 00000nam##2200000za#4500 |
| 001 | 9.581050 |
| 003 | CaOODSP |
| 005 | 20210624191331 |
| 007 | cr ||||||||||| |
| 008 | 150406|2009||||xxc|||||o f|0| 0 eng|d |
| 022 | |a1701-1280 |
| 040 | |aCaOODSP|beng |
| 043 | |an-cn--- |
| 086 | 1 |aFs70-4/2009-036E-PDF |
| 110 | 1 |aCanada. |bDepartment of Fisheries and Oceans. |
| 245 | 10|aProceedings of the Maritimes Region Science Advisory Process on the assessment framework for 3NOPs4VWX+5Zc Atlantic halibut : |h[electronic resource]|b30–31 October 2007, 8–9 January 2008, 16–17 June 2009, Bedford Institute of Oceanography, Dartmouth Sportsplex, Dartmouth, Nova Scotia / |cTana Worcester, Meeting Chair. |
| 260 | |aDartmouth - Nova Scotia : |bFisheries and Oceans Canada |cOctober 2009. |
| 300 | |a64p.|breferences, tables |
| 490 | 1 |aCanadian Science Advisory Secretariat proceedings series|x1701-1280|v2009/036 |
| 590 | |a14-20-Supp|b2014-11-25 |
| 830 | #0|aProceedings series (Canadian Science Advisory Secretariat)|x1701-1280|v2009/036|w(CaOODSP)9.506483 |
| 856 | 40|ahttp://publications.gc.ca|qPDF|s322 KB|uhttps://publications.gc.ca/collections/collection_2014/mpo-dfo/Fs70-4-2009-036-eng.pdf|y2009/036 |